|
|
|
|
| LEADER |
01254nam a2200313 i 4500 |
| 001 |
41234 |
| 003 |
BD-DhAAL |
| 005 |
20230522163746.0 |
| 008 |
230522t1981 mau 001 0aeng |
| 010 |
|
|
|a 80027373
|
| 020 |
|
|
|a 0395305098 :
|c $16.95
|
| 020 |
|
|
|a 0395311357 (special ed.) :
|c $35.00
|
| 040 |
|
|
|a DLC
|c DLC
|d DLC
|d BD-DhAAL
|
| 043 |
|
|
|a n-us---
|
| 050 |
0 |
0 |
|a HB119.G33
|b A34
|
| 082 |
0 |
0 |
|a 330.0924
|2 19
|
| 100 |
1 |
|
|a Galbraith, John Kenneth,
|d 1908-2006.
|
| 245 |
1 |
2 |
|a A life in our times :
|b memoirs /
|c John Kenneth Galbraith.
|
| 260 |
|
|
|a Boston :
|b Houghton Mifflin,
|c 1981.
|
| 300 |
|
|
|a x, 563 pages ;
|c 24 cm.
|
| 500 |
|
|
|a Includes index.
|
| 541 |
|
|
|a Donated by Akbar Ali Khan
|e 41234
|
| 600 |
1 |
0 |
|a Galbraith, John Kenneth,
|d 1908-2006.
|
| 650 |
|
0 |
|a Economists
|z United States
|x Biography.
|9 52646
|
| 651 |
|
0 |
|a United States
|x Politics and government
|y 1945-1989.
|
| 852 |
|
|
|a Ayesha Abed Library
|c Akbar Ali Khan Collection
|
| 942 |
|
|
|2 ddc
|c BK
|
| 999 |
|
|
|c 45793
|d 45793
|
| 952 |
|
|
|0 0
|1 0
|2 ddc
|4 0
|6 330_092400000000000_GAL
|7 1
|9 73672
|a BRACUL
|b BRACUL
|c AAKC
|d 2023-05-22
|e Donated by Akbar Ali Khan
|g 1000.61
|l 0
|o 330.0924 GAL
|p 3010041234
|r 2023-05-22
|t 1
|v 1000.61
|w 2023-05-22
|y BK
|x price are not available in book (collected from amazon.com $9.35 )
|